| 000 | 00939 a2200205 4500 | ||
|---|---|---|---|
| 999 |
_c1818 _d1818 |
||
| 020 | _a0415253381 (hbk) | ||
| 020 | _a041525339X (pbk.) | ||
| 050 | 0 | 0 | _aLA2822 |
| 245 | 0 | 0 |
_aSuccess against the odds, five years on : _brevisiting effective schools in disadvantaged areas / _cedited by Margaret Maden. |
| 264 |
_aLondon: _bRoutledge, _c2001 |
||
| 300 |
_axx, 366 p. : _bill., map |
||
| 500 | _aIncludes bibliographical references and index. | ||
| 504 | _aIncludes bibliographical references and index. | ||
| 650 | 0 | _aSchool improvement programs | |
| 650 | 0 |
_aChildren with social disabilities _xEducation |
|
| 700 | 1 |
_aMaden, Margaret, _d1940- |
|
| 856 | 4 | 2 |
_3Publisher description _uhttp://www.loc.gov/catdir/enhancements/fy0650/00068357-d.html |
| 942 |
_2lcc _cBK _h2822 _iMAD _kLA |
||